000 00664nam a2200241Ia 4500
008 170203s9999 xx 000 0 und d
020 _a174124031x
050 _a912
050 _bD366a 2002
100 _ade Luca, Daniela.
245 4 _aThe animal atlas /
245 _cDaniela De Luca ; [text: Anne McRae, Marco Nardi ; illustrations Daniela De Luca].
260 _aRowville, Vic. :
260 _bFive Mile Press,
260 _c2002
300 _a29 pages :
300 _bcolor illustrations, color maps ;
300 _c34 cm.
500 _aIncludes index.
650 _aAnimals --
650 _aAnimals.
650 _xJuvenile literature.
999 _c305844
_d305844